000 00773nam a22001937a 4500
999 _c194562
_d194562
005 20230509151129.0
010 _aB-747512-517 E.N.A./7.11.22
020 _a9789383723614
_c495.00
035 _aB-747512-517
037 _bLG Publication Distr.
082 _aS
245 _aPremchand:
_bGod's Share in Stale Rice & Other Stories/
_cTrans. by T.C. Ghai
260 _aDelhi
_bLG Publication Distr.
_c2019
270 _a49, Lane No.14, Pratap Nagar Mayur Vihar Phase I
_bDelhi
_e110091
300 _a323p.
_c22cm(pbk)
700 _aGhai, T.C.
942 _2ddc
_cEN
_mPRE
_hS